| 000 | 00417nam a2200145 a 4500 | ||
|---|---|---|---|
| 001 | 2680 | ||
| 003 | CDMR | ||
| 005 | 20130314170110.0 | ||
| 008 | 130130s1983||||||||||||||||||||||||||||d | ||
| 040 |
_aCDMR _bcat _cCDMR |
||
| 100 | 1 |
_aPancorbo, Luís _9723 |
|
| 245 | 1 | 4 |
_aLos signos de la esfinge _b: preguntas semióticas a la televisión |
| 260 |
_aMadrid _c1983 _bInstituto Oficial de Radio y Televisión |
||
| 942 |
_cMON _2udc |
||
| 999 |
_c2680 _d2680 |
||